Bases de una reforma curricular /
| Autore principale: | |
|---|---|
| Natura: | Libro |
| Lingua: | spagnolo |
| Pubblicazione: |
San José, C.R. :
Oficina de Publicaciones de la Universidad de Costa Rica,
1986
|
| Soggetti: |
MARC
| LEADER | 00000nam a2200000Ia 4500 | ||
|---|---|---|---|
| 008 | 180601b1986 cr ||||| |||| 00| | spa d | ||
| 999 | |c 1090 |d 1090 | ||
| 020 | |a 9977-917-42-6 | ||
| 090 | |a 06.02.03 |b 468 | ||
| 100 | 1 | |a Del Vecchio Ugalde, Janina |9 170 | |
| 245 | 1 | 0 | |a Bases de una reforma curricular / |c Janina Del Vecchio Ugalde |
| 260 | |a San José, C.R. : |b Oficina de Publicaciones de la Universidad de Costa Rica, |c 1986 | ||
| 300 | |a 22 páginas | ||
| 650 | 1 | 4 | |a REFORMA DE LA EDUCACIÓN |9 7 |
| 650 | 1 | 4 | |a PROGRAMA DE ESTUDIOS |9 1364 |
| 942 | |i 001200 |h 06.02.03 468 |2 z |c 01 | ||
